000 01098nam0a22002771 4500
001 rc\2811931
005 20250806210741.0
035 _a(NLR Aleph) 006937763
090 _a25288
_c25288
100 _a20110915d1944 u y0rusy50 ca
101 0 _arus
102 _aRU
105 _aa z |||||
200 1 _aНеэлектролиты
_eОпыт биол.-физ.-хим. их систематики
_fПолк. мед. службы проф. Н. В. Лазарев
_gМед.-сан. упр. ВМФ. Воен.-мор. мед. академия
210 _aЛенинград
_cВоен.-мор. мед. академия
_d1944
215 _a272 с.
_cчерт.
_d22 см.
320 _aБиблиогр.: стр. 267-70
700 1 _aЛазарев
_bН. В.
_cд-р мед. наук
_f1895-1974
_gНиколай Васильевич
_3RU\NLR\AUTH\770137572
801 0 _aRU
_bNLR
_gpsbo
801 1 _aRU
_bELAR
_2rusmarc
852 _aNLR
_jБл02 Г-5/13
942 _cBOOK
945 _aРоссийская национальная библиотека
980 _aNB
980 _aBV